Accidentes de tránsito en Costa Rica; 1972 /

Збережено в:
Бібліографічні деталі
Співавтори: Costa Rica. Ministerio de Economía, Industria y Comercio. Dirección General de Estadística y Censos, Instituto Nacional de Seguros (Costa Rica)
Формат: Текст
Опубліковано: San José :
Теги: Додати тег
Немає тегів, Будьте першим, хто поставить тег для цього запису!

MARC

LEADER 00000 a a2200000 04500
001 17549
003
040
090 |a 000500  
110 |a Costa Rica. Ministerio de Economía, Industria y Comercio. Dirección General de Estadística y Censos  
245 |a Accidentes de tránsito en Costa Rica; 1972 /  |c Costa Rica. Ministerio de Economía, Industria y Comercio. Dirección General de Estadística y Censos  
260 |a San José :  
300 |a 54 p  
710 |a Instituto Nacional de Seguros (Costa Rica)  
999 |c 17542  |d 17542